000 00873nam a2200205Ii 4500
003 JO-AjNU
008 230605s9999||||xx |||||||||||||| ||und||
017 _a2009/5/1719
040 _aJO-AjNU
_bara
_erda
_cJO-AjNU
041 _aara
050 1 4 _aHD8661.2008
100 3 _aتحرير واعداد:ابراهيم بدران،مصطفى الشيخ,
_eauthor
_933584
245 0 0 _aالافاق المستقبلية للقوى العاملة الاردنية:ندوة اقيمت في جامعة فيلادلفيا
264 3 1 _aعمان:مركز الدراسات المستقبلية جامعة ميلادلفيا،2008
300 _a253ص
_bيحتوي على جداول ورسوم توضيحية
336 _atext
_btxt
_2rdacontent
337 _aunmediated
_bn
_2rdamedia
338 _avolume
_bnc
_2rdacarrier
650 4 _aالعمل والعمال-الاردن
_933585
999 _aA13685
_c17253
_d17253